Estudio de caso de responsabilidad social empresaria (Registro nro. 17860)

Detalles MARC
000 -LEADER
fixed length control field 00435 a2200133 4500
001 - CONTROL NUMBER
control field ART_46108
005 - DATE AND TIME OF LATEST TRANSACTION
control field 20260410161731.0
008 - FIXED-LENGTH DATA ELEMENTS--GENERAL INFORMATION
fixed length control field 260409a
100 1# - MAIN ENTRY--PERSONAL NAME
Personal name Ortiz, Raúl
245 10 - TITLE STATEMENT
Title Estudio de caso de responsabilidad social empresaria
700 1# - ADDED ENTRY--PERSONAL NAME
Personal name Della Valentina, Florencia
700 1# - ADDED ENTRY--PERSONAL NAME
Personal name Morichetti, Martín
773 0# - HOST ITEM ENTRY
Title Escritos contables y de administración
Related parts - Vol. 3, Nº 1 (ene./jun. 2012)
Record control number REV2758

No hay ítems disponibles.